The upcycle / (Record no. 607839)

000 -LEADER
fixed length control field 01551cam a2200337 i 4500
001 - CONTROL NUMBER
control field 17631261
005 - DATE AND TIME OF LATEST TRANSACTION
control field 20240219112055.0
008 - FIXED-LENGTH DATA ELEMENTS--GENERAL INFORMATION
fixed length control field 130220s2013 nyua b 000 0 eng
010 ## - LIBRARY OF CONGRESS CONTROL NUMBER
LC control number 2012045589
020 ## - INTERNATIONAL STANDARD BOOK NUMBER
International Standard Book Number 9780865477483
040 ## - CATALOGING SOURCE
Original cataloging agency DLC
Language of cataloging eng
Transcribing agency DLC
Description conventions rda
Modifying agency DLC
042 ## - AUTHENTICATION CODE
Authentication code pcc
050 00 - LIBRARY OF CONGRESS CALL NUMBER
Classification number TD794.5
Item number .M39524 2013
082 00 - DEWEY DECIMAL CLASSIFICATION NUMBER
Classification number 363.7
Edition number 23
Author Mark MCD
100 1# - MAIN ENTRY--PERSONAL NAME
Personal name McDonough, William.
9 (RLIN) 33382
245 14 - TITLE STATEMENT
Title The upcycle /
Statement of responsibility, etc. William McDonough and Michael Braungart.
250 ## - EDITION STATEMENT
Edition statement First edition.
264 #1 - PRODUCTION, PUBLICATION, DISTRIBUTION, MANUFACTURE, AND COPYRIGHT NOTICE
Place of production, publication, distribution, manufacture New York :
Name of producer, publisher, distributor, manufacturer North Point Press, a division of Farrar, Straus and Giroux,
Date of production, publication, distribution, manufacture, or copyright notice [2013]
300 ## - PHYSICAL DESCRIPTION
Extent xvii, 227 pages :
Other physical details illustrations ;
Dimensions 21 cm
336 ## - CONTENT TYPE
Content type term text
Source rdacontent
337 ## - MEDIA TYPE
Media type term unmediated
Source rdamedia
338 ## - CARRIER TYPE
Carrier type term volume
Source rdacarrier
504 ## - BIBLIOGRAPHY, ETC. NOTE
Bibliography, etc. note Includes bibliographical references (pages 221-224).
505 0# - FORMATTED CONTENTS NOTE
Formatted contents note A high carb diet for the planet : life upcycles -- Houston, we have a solution : what's next? -- Wind equals food : upcycling energy -- Soil not oil : the resource beneath our feet -- Eat your caviar : celebrating diversity -- The butterfly effect : upcycling into the future -- If you remember these 10 beneficial things, you will have engaged the upcycle.
650 #0 - SUBJECT ADDED ENTRY--TOPICAL TERM
Topical term or geographic name entry element Recycling (Waste, etc.)
Form subdivision Popular works.
9 (RLIN) 120683
650 #0 - SUBJECT ADDED ENTRY--TOPICAL TERM
Topical term or geographic name entry element Environmental protection
Form subdivision Popular works.
9 (RLIN) 120684
700 1# - ADDED ENTRY--PERSONAL NAME
Personal name Braungart, Michael,
Dates associated with a name 1958-
9 (RLIN) 120685
906 ## - LOCAL DATA ELEMENT F, LDF (RLIN)
a 7
b cbc
c orignew
d 1
e ecip
f 20
g y-gencatlg
942 ## - ADDED ENTRY ELEMENTS (KOHA)
Source of classification or shelving scheme
Koha item type Book
Holdings
Withdrawn status Lost status Source of classification or shelving scheme Damaged status Not for loan Permanent Location Current Location Date acquired Source of acquisition Total Checkouts Full call number Barcode Date last seen Cost, replacement price Price effective from Koha item type
          School of Art Design and Architecture (SADA) School of Art Design and Architecture (SADA) 05/16/2017 Progressive Internal.   363.7 MCD 2013 SADA0002720 02/19/2024 2686.18 02/19/2024 Book
© 2023 Central Library, National University of Sciences and Technology. All Rights Reserved.